Разчоплени сантименти | Скици на разни скици | И други разкази (Запис номер 33804)
[ съкратено ]
| 000 -Лидер | |
|---|---|
| Контролно поле с фиксирана дължина | 01562nam a2200397 c 4500 |
| 003 - Код на организацията, давaща контролен номер | |
| Контролно поле | BLK |
| 005 - Дата и час на последна редакция | |
| Контролно поле | 20250113165745.0 |
| 008 - Елементи от данни с фиксирана дължина | |
| fixed length control field | 180408b bul|||||r ||||||| ||bul|| |
| 010 ## - Наследен системен номер | |
| LC control number | KNG00036497000 |
| 020 ## - Международен стандартен номер на книга ISBN | |
| Международен стандартен номер на книга ISBN | 954-427-437-5 |
| 040 ## - Източник на каталожния запис | |
| Идентификатор на билиотеката - собственик на записа | BLK |
| 041 ## - Код за език | |
| Код за езика на текст/звукозапис или на отделно заглавие | Български |
| Код за езика КДБФ | Български |
| 072 #7 - Код за тематичната категория | |
| Код организация | bullib |
| Код за тематична категория | К |
| Текст | Краезнание |
| 072 #7 - Код за тематичната категория | |
| Код организация | bullib |
| Код за тематична категория | РА |
| Текст | Русенски автори |
| 080 ## - УДК | |
| Текстов определител УДК | Българска литература |
| УДК код - определител по УДК | 821.163.2 |
| УДК определител | -341 |
| УДК - код + определител | 821.163.2-341 |
| 100 1# - Редна дума - Автор | |
| Автор | Петров, Велимир Георгиев |
| Авторска отговорност | първи автор |
| R(LIN) | 264013 |
| 139 ## - Редно поле | |
| Редна дума | Петров, Велимир Георгиев |
| Авторски знак | Петро - П 47 |
| 245 10 - Сведения за заглавието | |
| Заглавие | Разчоплени сантименти |
| Подзаглавни данни | Нещо като смешни спомени напред - назад във времето |
| Редно поле (дума) | Велимир Георгиев Петров; худож. Велимир Петров. |
| 245 10 - Сведения за заглавието | |
| Заглавие | Скици на разни скици |
| Подзаглавни данни | Нещо като мини разкази |
| 245 10 - Сведения за заглавието | |
| Заглавие | И други разкази |
| 257 ## - Страна на издаване | |
| Страна на създаване/издаване | България |
| 260 ## - Област на издателските данни | |
| Име на издателя, разпространителя и проч. | Изд. авт. |
| Година на издаване | 2001 |
| Печатница | В. Търново : Абагар |
| 300 ## - Физическа характеристика | |
| Страници | 256 с. |
| Илюстрации и др. | с ил. |
| Размери/Мащаб | 20 см |
| 380 ## - Жанр | |
| Жанр | Худож. лит. |
| 500 ## - Общи забележки | |
| Забележка | Кор. загл. Разчоплени сантименти |
| 659 ## - Тематичен бюлетин | |
| Тематичен бюлетин | К |
| 700 1# - Други автори (авторска отговорност) | |
| Лично име | Петров, Велимир |
| Автороска отговорност (Описва отношението между автора и произведението) | худож. |
| 9 (RLIN) | 271447 |
| 852 ## - Местоположение | |
| Форматна сигнатура | Цб 208933 |
| 852 ## - Местоположение | |
| Форматна сигнатура | К 821.163.2/П 47 В |
| 856 4# - Електронен адрес и достъп | |
| Електронен формат | pdf - файл |
| 856 4# - Електронен адрес и достъп | |
| Електронен формат | pdf - файл |
| 999 ## - СИСТЕМНИ КОНТРОЛНИ НОМЕРА | |
| Koha biblionumber | 33804 |
| Koha biblioitemnumber | 33804 |
| 942 ## - АРТИКУЛИ | |
| Вид на библиотечния материал | Книги |
| Скрит в OPAC | Не |
| Koha issues (borrowed), all copies | 8 |
| Периодичен библиозапис | Да |
| 944 ## - СЪЗДАВАНЕ И РЕДАКЦИЯ на ЗАПИСА | |
| Създаване/Редакция | Създаване |
| Дата на регистрацията/редакция | 15.01.2003 |
| Служител, извършил регистрацията/редакцията | 30530 |
| Статус, дата на статуса | Минев Младен |
| 944 ## - СЪЗДАВАНЕ И РЕДАКЦИЯ на ЗАПИСА | |
| Създаване/Редакция | Редакция |
| Дата на регистрацията/редакция | 12.01.2009 |
| 999 ## - СИСТЕМНИ КОНТРОЛНИ НОМЕРА | |
| Koha biblioitemnumber | 33804 |
| Код за отписване | Код за изгубен артикул | Източник на класификационната схема | Код за повреда | Коз за рестрикции | Код за отдаване | Артикулен № | Име на библиотеката - собственик | Име на библиотеката, в която се намира в момента | Статус (Текущо местоположение) | Дата на вписване в системата | Местоположение - отдел | Цена в лева | Инвентарен номер | Систематично азбучна сигнатура | Баркод | Номер на екземпляра | Цена в евро | Служебна бележка | Служебен тип на артикула |
|---|---|---|---|---|---|---|---|---|---|---|---|---|---|---|---|---|---|---|---|
| Не е изгубен | Universal Decimal Classification | Не е повреден | без рестрикции | ползва се в читалня | 53818 | Регионална библиотека "Любен Каравелов" Русе | Регионална библиотека "Любен Каравелов" Русе | Хранилище | 2001-01-01 | Основен фонд - ползва се само за читалня | 4.00 | 664225 | О 208933 | 120000664225 | 1 | 2.05 | Дост: DA Вид: А N: стар фонд Дата: 01.01.2001 | Книги | |
| Не е изгубен | Universal Decimal Classification | Не е повреден | без рестрикции | заемане за дома | 53819 | Регионална библиотека "Любен Каравелов" Русе | Регионална библиотека "Любен Каравелов" Русе | Заемна - подръчен фонд | 2001-01-01 | Заемна - подръчен фонд | 4.00 | 664226 | П 886.7-32/П47В | 120000664226 | 2 | 2.05 | Дост: DA Вид: А N: стар фонд Дата: 01.01.2001 Дата инв: 13.02.2018 Бележки инв: П2018 | Книги | |
| Изтеглен | Не е изгубен | Universal Decimal Classification | Не е повреден | без рестрикции | заемане за дома | 53820 | Регионална библиотека "Любен Каравелов" Русе | Регионална библиотека "Любен Каравелов" Русе | Заемна - подръчен фонд | 2001-01-01 | Заемна - подръчен фонд | 4.00 | 664227 | П 886.7-32/П47В | 664227 | 3 | 2.05 | Дост: DA Вид: А N: стар фонд Дата: 01.01.2001 Дата инв: 13.02.2018 Бележки инв: П2018 | Книги |
| Изтеглен | Не е изгубен | Universal Decimal Classification | Не е повреден | без рестрикции | заемане за дома | 53821 | Регионална библиотека "Любен Каравелов" Русе | Регионална библиотека "Любен Каравелов" Русе | Заемна - подръчен фонд | 2001-01-01 | Заемна - подръчен фонд | 4.00 | 664228 | П 886.7-32/П47В | 664228 | 4 | 2.05 | Дост: DA Вид: А N: стар фонд Дата: 01.01.2001 | Книги |
| Не е изгубен | Universal Decimal Classification | Не е повреден | без рестрикции | ползва се в читалня | 53822 | Регионална библиотека "Любен Каравелов" Русе | Регионална библиотека "Любен Каравелов" Русе | Краезнание | 2001-01-01 | Краезнание | 4.00 | 664229 | К 821.163.2/П 47 В | 120000664229 | 5 | 2.05 | Дост: DA Вид: А N: стар фонд Дата: 01.01.2001 Дата инв: 15.11.2017 Бележки инв: К2017 | Книги | |
| Не е изгубен | Universal Decimal Classification | Не е повреден | без рестрикции | ползва се в читалня | 53823 | Регионална библиотека "Любен Каравелов" Русе | Регионална библиотека "Любен Каравелов" Русе | Хранилище | 2001-01-01 | Хранилище | 0.00 | 665787 | Цб 208933 | 120000665787 | 6 | 0.00 | Дост: Dp Вид: Д N: 24 Дата: 01.01.2001 | Книги | |
| Не е изгубен | Не е повреден | без рестрикции | заемане за дома | 53824 | Регионална библиотека "Любен Каравелов" Русе | Регионална библиотека "Любен Каравелов" Русе | Заемна - подръчен фонд | 2008-12-22 | Заемна - подръчен фонд | 5.00 | 120000732350 | П 886.7-32/П 47 | 120000732350 | 7 | 2.56 | Дост: DA Вид: А N: 16 Дата: 22.12.2008 Дата инв: 13.02.2018 Бележки инв: П2018 | Книги | ||
| Не е изгубен | Не е повреден | без рестрикции | заемане за дома | 53825 | Регионална библиотека "Любен Каравелов" Русе | Регионална библиотека "Любен Каравелов" Русе | Заемна - подръчен фонд | 2008-12-22 | Заемна - подръчен фонд | 5.00 | 120000732351 | П 886.7-32/П 47 | 120000732351 | 8 | 2.56 | Дост: DA Вид: А N: 16 Дата: 22.12.2008 Дата инв: 13.02.2018 Бележки инв: П2018 | Книги |